MDQL
is popping MORE tags! Check the
thread
!
Quizzes
Events
Quiz Creation
Community
Videos
Private Events
Remove Ads
Sign In
Join for FREE
Feedback
Dark Mode
Quiz Categories
Sports
Geography
Music
Movies
Television
Just For Fun
Miscellaneous
History
Literature
Language
Science
Gaming
Entertainment
Religion
Holiday
For Kids
Quiz Lab
Recent
Popular Today
Quiz Kudos Today
Editor Picks
Curator Picks
Quizzes by...
Day
Popularity
Type
Ratings
Length
Year
Community
Subscriptions
Recent Discussions
Orange Saloon
Badges
Playlists
Quests
Create
Leaderboards
Showdown
Live 5
Trivia Bingo
Activity
Puzzle Library
Sporcle Events
Private Events
Virtual Trivia
Globe League
Become a Host
Pub Owners
SporcleCon
Opinionation
Our Games
Videos
Blog
Mobile Apps
Partnerships
Remove Ads and Go Orange
Feedback
Miscellaneous
Crossword
General Knowledge
Baby Names
Logo
Food
Cars
Numbers
Grab Bag
University
College
Popular
Company
Slogans
Restaurants
Justice
Letter
Miscellaneous
Crossword
General Knowledge
Baby Names
Logo
Food
Cars
Numbers
Grab Bag
University
College
Popular
Company
Slogans
Restaurants
Justice
Letter
Random Quiz
Search Sporcle
×
Quiz Lab
Quiz Lab
Miscellaneous
Born
Type in answers that appear in a list
Type in answers that appear in a list
Classic
Best Score? Go Orange.
Notable Virgos Stats
Can you name the following people born between the dates of August 23-September 22?
By
GoldLion
7m
22 Questions
132 Plays
132 Plays
132 Plays
Comments
Comments
Give Quiz Kudos
Give Quiz Kudos
-
- Ratings
hide this ad
Replay
Link that replays current quiz
Next Quiz
Link to next quiz in quiz playlist
You Got
0%
They Got
Avg Score
45%
Avg Friend Score
Upgrade to see
Score Distribution
Jump to the score distribution portion of the page
Score
0/22
Timer
07:00
0
Plays Today
Clue
Person
% Correct
To put it simply, he is the King of Pop
Michael Jackson
91.7%
Frontman of Queen
Freddie Mercury
77.3%
He was the original James Bond and won an Academy Award for his role in The Untouchables
Sean Connery
75.8%
Comedian who is a Shallow Hal and is one half of the comedy rock duo Tenacious D
Jack Black
72%
Dancer who didn't mind Singin' In The Rain
Gene Kelly
68.9%
He survived cancer and won a record seven consecutive Tour de Frances in the process
Lance Armstrong
65.2%
Author of books including James and the Giant Peach
Roald Dahl
64.4%
Republican nominee and runner up in the 2008 US Presidential Election
John McCain
57.6%
Crime novelist who created the characters Hercule Poirot and Miss Marple
Agatha Christie
53.8%
Canadian country-
pop star who was married to a Mutt
Shania Twain
48.5%
Actress who is best known for her role as Ilsa Lund in Casablanca
Ingrid Bergman
46.2%
Clue
Person
% Correct
Well known humanitarian who founded the Missionaries of Charities in Kolkata, India
Mother Teresa
44.7%
All he got for robbing trains and banks was a bullet to the back of the head
Jesse James
40.9%
The Thrill definitely isn't Gone when this blues legend takes the stage
B.B. King
37.9%
She may have been Crazy if she went Walkin' After Midnight
Patsy Cline
34.8%
Billionaire investor who was considered the richest man in the world by Forbes magazine in 2008
Warren Buffett
30.3%
She played a dancing vampire queen in From Dusk Til Dawn
Salma Hayek
24.2%
Former Arkansas state employee who sued Bill Clinton for sexual harassment
Paula Jones
18.2%
The first African-
American woman to compete on the world tennis tour
Althea Gibson
17.4%
The host of Wild On! and Rock Star, plus she won the seventh season of Dancing With the Stars
Brooke Burke
13.6%
The first female swimmer to ever win gold in the 100m backstroke in consecutive Olympics
Natalie Coughlin
7.6%
The recipient of the inaugural YouTube Visionary Award in 2008
Queen Rania of Jordan
2.3%
Quiz Playlist
Details
Report
Send in Message
Add To Playlist
Classic:
Type in answers that appear in a list
Last Updated: Feb 16, 2017
Quiz Scoreboard
CHALLENGE
Sign Up to Join the Scoreboard
Show All
Scores
Hide
Comments
May contain spoilers
Recently Published
Find the 'City' Movie
by crazypaving
Movies
60s
5x2 Blitz: Bands
by SL_Kpop136
Music
30s
Colored Red Africa Blitz
by spor1
Geography
30s
More to Explore
Quiz From the Vault
Featured Blog Post
14 Easter Pick-up Lines to Find Eggs With
hide this ad
You Might Also Like...
Tags
August
Between
Born
date
death
Notable
Person
Today's Top Quizzes in Miscellaneous
Browse Miscellaneous
hide this ad
Today's Top Quizzes in Born
Browse Born
Top Contributed Quizzes in Miscellaneous
1
5-to-1: Fast Food
2
The JOE quick-fire general knowledge quiz: Day 174
3
9x9 Crossword: Disney Movie Titles
4
9x9 Crossword: Charlie and the Chocolate Factory
5
9x9 Crossword: Pixar Movie Titles
6
9x9 Crossword: Flags
7
9x9 Crossword: 2022 Movies
8
9x9 Crossword: Nickelodeon
9
9x9 Crossword: Actors
10
9x9 Crossword: Halloween
Explore More
Trending Topics
Crossword
Harry Potter
NBA
Disney
Kpop
Marvel
Anime
NFL
The Office
Song
Puzzle
WWE
Soccer
Pokémon
Country
hide this ad
More By:
GoldLion
Quiz
Plays
Rating
Category
Featured
Created
VH1's 200 Greatest Pop Culture Icons
8,336
3.92
Entertainment
Oct 1, 2009
1990s Rock (Audio)
4,251
4.33
Music
Jun 8, 2010
Female Anime Characters (Images)
3,785
3.50
Television
Jul 16, 2010
2000s Rock (Audio)
3,652
4.33
Music
Jun 17, 2010
1990s Hip Hop (Audio)
3,585
4.39
Music
Jun 1, 2010
Go to Creator's Profile
Score Distribution
Quiz Creator Spotlight
GoldLion
Follow
Send a Message
Quizzes Created
-
Created Quiz Play Count
-
More By This Creator
Popular Quizzes Today
1
Colored Red Africa Blitz
2
Find the US States - No Outlines Minefield
3
Find the 'City' Movie
4
5x2 Blitz: Bands
5
The Countries of the World
6
Find the US States
7
US States
8
9x9 Crossword: Cartoon Network
More Miscellaneous Quizzes
Cherry Chocolate Cheesecake Ingredients Crossword
Quiz Lab
Trending Quizzes
Colored Red Europe Blitz I
Colored Red Europe Blitz II
Colored Red Africa Blitz II
Colored Red Africa Blitz III
Colored Red Europe Blitz III
Recently Updated
Godzilla Movies
pecheneg
Grab Bag: 4-10 Letters
pecheneg
2024 March Madness Bracket
pecheneg
Famous TV Couples
Peacemaker
Champions League XIs: Real Madrid
pecheneg
Largest US Cities 1790-2010
pecheneg
Rides in Walt Disney World
pecheneg
Most Oscar Losses (Acting)
pecheneg
Beyoncé Albums
pecheneg
Leaping Animals
pecheneg
Trending Topics
Disney
Kpop
NBA
Crossword
Marvel
Anime
Harry Potter
Song
The Office
Puzzle
WWE
Soccer
NFL
Country
Pokémon
Your Account Isn't Verified!
In order to create a playlist on Sporcle, you need to verify the email address you used during registration. Go to your
Sporcle Settings
to finish the process.
Report this User
Report this user for behavior that violates our
Community Guidelines
.
Details:
Send Report
Go to the Sporcle.com Mobile Site →
Comments